000
00285nam a2200109 4500
008
b xx# fre u
040
_a
LB-BrCRDP
082
1
_a
030
_b
DOK
245
1
0
_a
Dokéo l'encyclopédie
_b
9-12 ans
942
_c
BK
999
_c
9727
_d
9727